Oscar Winning Films of the 1970's - Statistics

General Stats
  • This quiz has been taken 168 times
    39 since last reset
  • The average score is 39 of 95
Answer Stats
Category Year Movie % Correct
Director 1972 Cabaret
100%
Picture 1970 Patton
100%
Picture 1978 The Deer Hunter
100%
Picture 1971 The French Connection
100%
Picture 1972 The Godfather
100%
Picture 1974 The Godfather Part II
100%
Picture 1977 Annie Hall
91%
Picture 1979 Kramer vs. Kramer
91%
Original Screenplay 1976 Network
91%
Picture 1976 Rocky
91%
Original Score 1977 Star Wars
91%
Picture 1973 The Sting
91%
Original Screenplay 1978 Coming Home
73%
Original Score 1975 Jaws
73%
Picture 1975 One Flew Over the Cuckoo's Nest
73%
Supporting Actress 1975 Shampoo
73%
Adapted Screenplay 1973 The Exorcist
73%
Supporting Actor 1971 The Last Picture Show
73%
Supporting Actress 1970 Airport
64%
Visual Effects 1979 Alien
64%
Cinematography 1979 Apocalypse Now
64%
Original Screenplay 1974 Chinatown
64%
Cinematography 1977 Close Encounters of the Third Kind
64%
Original Screenplay 1975 Dog Day Afternoon
64%
Lead Actor 1974 Harry and Tonto
64%
Lead Actress 1971 Klute
64%
Visual Effects 1978 Superman
64%
Lead Actor 1977 The Goodbye Girl
64%
Original Song Score and Its Adaptation 1974 The Great Gatsby
64%
Original Song 1974 The Towering Inferno
64%
Original Song Score and Its Adaptation 1979 All That Jazz
55%
Adapted Screenplay 1976 All the President's Men
55%
Supporting Actor 1979 Being There
55%
Original Score 1970 Love Story
55%
Adapted Screenplay 1970 M*A*S*H
55%
Original Song 1975 Nashville
55%
Lead Actress 1979 Norma Rae
55%
Lead Actor 1973 Save the Tiger
55%
Lead Actress 1970 Women in Love
55%
Lead Actress 1974 Alice Doesn't Live Here Anymore
45%
Original Song Score and Its Adaptation 1975 Barry Lyndon
45%
Original Screenplay 1979 Breaking Away
45%
Cinematography 1978 Days of Heaven
45%
Original Song Score and Its Adaptation 1971 Fiddler on the Roof
45%
Adapted Screenplay 1977 Julia
45%
Supporting Actor 1970 Ryan's Daughter
45%
Original Song 1972 The Poseidon Adventure
45%
International Feature 1974 Amarcord
36%
Original Song 1976 A Star Is Born
36%
Lead Actress 1973 A Touch of Class
36%
Supporting Actress 1972 Butterflies are Free
36%
Cinematography 1973 Cries and Whispers
36%
Production Design 1978 Heaven Can Wait
36%
Supporting Actress 1973 Paper Moon
36%
Original Song Score and Its Adaptation 1976 Bound for Glory
27%
Supporting Actress 1974 Murder on the Orient Express
27%
Production Design 1971 Nicholas and Alexandra
27%
Original Score 1976 The Omen
27%
Supporting Actor 1973 The Paper Chase
27%
Supporting Actor 1975 The Sunshine Boys
27%
Supporting Actress 1978 California Suite
18%
International Feature 1973 Day for Night
18%
International Feature 1975 Dersu Uzala
18%
Sound Mixing 1974 Earthquake
18%
Visual Effects 1976 King Kong
18%
Visual Effects 1976 Logan's Run
18%
Adapted Screenplay 1978 Midnight Express
18%
Original Score 1971 Summer of '42
18%
Original Song Score and Its Adaptation 1978 The Buddy Holly Story
18%
International Feature 1972 The Discreet Charm of the Bourgeoisie
18%
Original Score 1973 The Way We Were
18%
Original Song Score and Its Adaptation 1977 A Little Night Music
9%
Original Score 1979 A Little Romance
9%
Visual Effects 1971 Bedknobs and Broomsticks
9%
International Feature 1976 Black and White in Color
9%
Costume Design 1978 Death on the Nile
9%
Costume Design 1976 Fellini's Casanova
9%
Original Song Score and Its Adaptation 1970 Let it Be
9%
Original Score 1972 Limelight
9%
International Feature 1977 Madame Rosa
9%
Original Song 1971 Shaft
9%
Original Screenplay 1972 The Candidate
9%
Original Screenplay 1971 The Hospital
9%
Costume Design 1972 Travels with my Aunt
9%
Original Song 1977 You Light Up My Life
9%
Costume Design 1970 Cromwell
0%
International Feature 1978 Get Out Your Handkerchiefs
0%
International Feature 1970 Investigation of a Citizen Above Suspicion
0%
Original Song 1970 Lovers and Other Strangers
0%
Original Song 1978 Thank God It's Friday
0%
Sound Editing 1979 The Black Stallion
0%
International Feature 1971 The Garden of the Finzi-Continis
0%
Sound Editing 1975 The Hindenburg
0%
International Feature 1979 The Tin Drum
0%
Visual Effects 1970 Tora! Tora! Tora!
0%
No matching quizzes found
Score Distribution
Percent of People with Each Score
Percentile by Number Answered
Your Score History
You have not taken this quiz since the last reset